000 00324nam a22001337a 4500
008 181107b xxu||||| |||| 00| 0 eng d
020 _a9781416025788
041 _aeng
080 _23 TH
_a616.8
100 _a7
101 _aNEU
245 _aNeuroScience Fundamentals For Rehalibiton
_cLaurie.L.E
942 _2udc
_cBK
999 _c52120
_d52120